header

Emerging perspectives on substance misuse (Record no. 37168)

MARC details
000 -LEADER
fixed length control field 02512nam a2200361 a 4500
082 04 - DEWEY DECIMAL CLASSIFICATION NUMBER
Classification number 616.86
245 00 - TITLE STATEMENT
Title Emerging perspectives on substance misuse
260 ## - PUBLICATION, DISTRIBUTION, ETC. (IMPRINT)
Place of publication Chichester ;
-- Malden, Mass. :
Name of publisher Wiley Blackwell,
Year of publication 2013.
300 ## - PHYSICAL DESCRIPTION
Number of Pages xii, 218 p. :
Other physical details ill.
505 0# - FORMATTED CONTENTS NOTE
Formatted contents note Contributors -- About the editor -- Preface / Willm Mistral -- Changing perspectives on problematic drug use / Richard Velleman -- Formulating effective alcohol policy : not as simple as it sounds / Robin Davidson -- Binge drinking : consumption, consequences, causes and control / Willm Mistral -- A picture tells a thousand stories : young women, mobile technology and drinking narratives / Rebecca Brown -- Exploring emerging perspectives on gender and drug use / Karenza Moore and Fiona Measham -- Embracing children and families in substance misuse treatment / Lorna Templeton -- In their own right : developing confidential services for children and young people affected by parental alcohol and drug use / Louise Hill -- Screening for alcohol use disorders / Lesley Smith -- From comorbidity to multiple health behaviour change / Amanda Baker, Sarah Hiles, Louise Thornton, Amanda Searl, Peter Kelly and Frances Kay-Lambkin -- Counselling in intensive structured day treatment : the co-production of recovery / Tim Leighton -- Movements towards recovery / Willm Mistral and Stephen Wilkinson -- How current drug laws impede research and clinical treatments / David Nutt -- Index.
650 #0 - SUBJECT ADDED ENTRY--TOPICAL TERM
Topical Term Substance abuse.
Topical Term Substance abuse
Topical Term Alcoholism.
Topical Term Alcoholism
700 1# - ADDED ENTRY--PERSONAL NAME
Personal name Mistral, Willm.
856 40 - ELECTRONIC LOCATION AND ACCESS
Uniform Resource Identifier http://site.ebrary.com/lib/rucke/Doc?id=10728340

No items available.

© 2026 Rongo University
Contact us: librarian | system librarian | Rongo university